| 000 | 00442nam a2200157 a 4500 | ||
|---|---|---|---|
| 001 | 2146 | ||
| 003 | CDMR | ||
| 005 | 20130327095816.0 | ||
| 008 | 130130s1935||||||||||||||||||||||||||||d | ||
| 040 |
_aCDMR _bcat _cCDMR |
||
| 100 | 1 |
_aCosta i Deu, Joan _91599 |
|
| 245 | 1 | 3 |
_aLa nit del 6 d'octubre a Barcelona _b: reportatge _cJ. Costa i Deu i Modest Sabater |
| 260 |
_aBarcelona _c1935 _bTip. Emporium |
||
| 300 |
_a198 p ; _c20 cm |
||
| 942 |
_cMON _2udc |
||
| 999 |
_c2146 _d2146 |
||